Intimacy development in middle adolescence : its relationship to gender and family cohesion and adaptability (Record no. 70775)
[ view plain ]
| 000 -CABECERA | |
|---|---|
| campo de control de longitud fija | 00758nam a2200253 a 4500 |
| 005 - FECHA Y HORA DE LA ÚLTIMA TRANSACCIÓN | |
| campo de control | 20210219153208.0 |
| 008 - ELEMENTOS DE LONGITUD FIJA--INFORMACIÓN GENERAL | |
| campo de control de longitud fija | 991125n 000 0 u |
| 035 ## - NÚMERO DE CONTROL DEL SISTEMA | |
| Número de control de sistema | UPN01000083566 |
| 100 ## - ASIENTO PRINCIPAL--NOMBRE PERSONAL | |
| Nombre de persona | Roming, Charles |
| 222 ## - TÍTULO CLAVE | |
| Título clave | JOURNAL OF YOUTH AND ADOLESCENCE |
| 245 ## - MENCIÓN DE TÍTULO | |
| Título | Intimacy development in middle adolescence : its relationship to gender and family cohesion and adaptability |
| 300 ## - DESCRIPCIÓN FÍSICA | |
| Extensión | 325-338 |
| 362 ## - FECHAS DE PUBLICACIÓN Y/O DESIGNACIÓN SECUENCIAL | |
| Fecha de publicación y/o designación secuencial | 21, No. 3, 1992 |
| 505 ## - NOTA DE CONTENIDO CON FORMATO PREESTABLECIDO | |
| Nota de contenido con formato | Junio 1993 |
| 653 0# - TERMINO DE INDIZACION - NO CONTROLADO | |
| Término no controlado | ADAPTACION SOCIAL |
| 653 0# - TERMINO DE INDIZACION - NO CONTROLADO | |
| Término no controlado | DESARROLLO DEL ADOLESCENTE |
| 653 0# - TERMINO DE INDIZACION - NO CONTROLADO | |
| Término no controlado | DIFERENCIAS SEXUALES |
| 653 0# - TERMINO DE INDIZACION - NO CONTROLADO | |
| Término no controlado | ESTUDIANTES DEL CENTRO DE ENSE\197ANZA |
| 653 0# - TERMINO DE INDIZACION - NO CONTROLADO | |
| Término no controlado | FAMILIA |
| 653 0# - TERMINO DE INDIZACION - NO CONTROLADO | |
| Término no controlado | INTIMIDAD |
| 700 ## - ASIENTO SECUNDARIO--NOMBRE DE PERSONAL | |
| Nombre de persona | Bakken, Linda |
| 904 ## - ELEMENTOS DE DATOS D LOCAL, LDD (RLIN) | |
| a | AC |
| b | 021377 |
| 905 ## - TIPO DE MATERIAL | |
| Tipo de material | Articulo |
No items available.
